000 00988cam a22002771 4500
001 869
003 BD-RjUL
005 20211208233236.0
008 131123s1968 enk b 000 0 eng
035 _a(BD-RjUL) 891
040 _aDLC
_cDLC
_dDLC
_dBD-RjUL
_beng
041 _aeng
082 0 0 _a027.7
_bUNI 1968
245 1 0 _aUniversity and research library studies :
_bsome contributions from the University of Sheffield Postgraduate School of Librarianship and Information Science /
_cedited by W. L. Saunders.
250 _a[1st ed.]
260 _aOxford ;
_aNew York ;
_bPergamon Press,
_c[1968]
300 _aix, 221 p. ;
_c23 cm.
490 0 _aInternational series of monographs in library and information science, v. 8
504 _aIncludes bibliographies.
650 0 _aAcademic libraries
_xAdministration.
_92594
650 0 _aResearch libraries
_xAdministration.
_92595
700 1 _aSaunders, W. L.
_9973
942 _2ddc
_cBK
999 _c869
_d869